Normal view MARC view
  • Kolapkar A

Entry Personal Name

Number of records used in: 4

001 - CONTROL NUMBER

  • control field: 205995

003 - CONTROL NUMBER IDENTIFIER

  • control field: OSt

005 - DATE AND TIME OF LATEST TRANSACTION

  • control field: 20240307144657.0

008 - FIXED-LENGTH DATA ELEMENTS

  • fixed length control field: 240307|| aca||aabn | a|a d

040 ## - CATALOGING SOURCE

  • Original cataloging agency: OSt
  • Transcribing agency: OSt

100 ## - HEADING--PERSONAL NAME

  • Personal name: Kolapkar A

670 ## - SOURCE DATA FOUND

  • Source citation: Work cat.: (OSt)357462: Kolapkar A., अर्थसाक्षर व्हा , 2023